000 005830000a22001810004500
003 MACL
005 20160402133442.0
008 160402b xxu||||| |||| 00| 0 eng d
040 _aMACL
_cMACL
041 _aHindi
082 _a333
100 _aसिंह निशांत
_949728
245 _aप्‍लास्टिक प्रदूषण : समस्‍या और प्रबंधन
260 _bअनुराग प्रकाशन
_c2005
_aनई दिल्‍ली
350 _a150
650 _aEnvironment
_950045
942 _cHIN
_k333
_2ddc
999 _c18230
_d18230